Európska únia a jej právny režim

Historické aspekty právneho stavu Únie. Právny stav, vytvorený pristúpením Slovenskej republiky k Európskej únii od 1. 5. 2004.

Gespeichert in:
Bibliographische Detailangaben
1. Verfasser: Herich, Vladimír
Format: Buchkapitel
Sprache:Slowakisch
Schlagworte:
Tags: Tag hinzufügen
Keine Tags, Fügen Sie das erste Tag hinzu!

MARC

LEADER 00000nla a2200000 4500
001 0162615
005 20220722095421.8
041 0 |a slo 
044 |a SK 
245 1 0 |a Európska únia a jej právny režim  |c Vladimír Herich 
520 |a Historické aspekty právneho stavu Únie. Právny stav, vytvorený pristúpením Slovenskej republiky k Európskej únii od 1. 5. 2004. 
610 2 0 |a Európska únia 
610 2 0 |a Slovensko 
610 2 0 |a história 
610 2 0 |a právo európske 
100 1 |a Herich, Vladimír